000 00923cab a2200229 4500
001 X2191
008 090401t1995 xxu||||| |||| 00| 0 eng d
035 _a(Sirsi) u22451
041 _aeng
245 _aNew Forest DC and Skan
260 _c1995
350 _a0
490 _aPlanning Appeal Decisions
_v(1995) 10 PAD 60-63
520 _a2 August 1994. Erection of chain link fence on metal supports - need to ensure safety of road users and nearby residents - tree screen forming boundary between hotel golf course and road and between golf course and nearby residents - whether harmful appearance outweighed by improvement to safety of road users and residents - appeal dismissed. (Headnote from journal).
650 _aENFORCEMENT NOTICE
650 _aFENCING
650 _aPLANNING PERMISSION
650 _aROAD SAFETY
690 _aPLANNING LAW AND PRACTICE-CASE LAW
942 _n0
948 _c04/03/1997
999 _c15041
_d15041